<?xml version="1.0" encoding="UTF-8"?>
<record
    xmlns:xsi="http://www.w3.org/2001/XMLSchema-instance"
    xsi:schemaLocation="http://www.loc.gov/MARC21/slim http://www.loc.gov/standards/marcxml/schema/MARC21slim.xsd"
    xmlns="http://www.loc.gov/MARC21/slim">

  <leader>00654nam a2200181   4500</leader>
  <controlfield tag="001">135934</controlfield>
  <controlfield tag="003">ES-MaACL</controlfield>
  <controlfield tag="005">20230906195006.0</controlfield>
  <controlfield tag="007">t|</controlfield>
  <controlfield tag="008">070214s1957    sp      r    ||||1| spa d</controlfield>
  <datafield tag="100" ind1="1" ind2=" ">
    <subfield code="a">Ruiz Gallard&#xF3;n, Jos&#xE9; Mar&#xED;a.</subfield>
    <subfield code="9">100811</subfield>
  </datafield>
  <datafield tag="245" ind1="1" ind2="0">
    <subfield code="a">Derecho civil / </subfield>
    <subfield code="c">Jos&#xE9; Mar&#xED;a Ruiz Gallard&#xF3;n ; con la colaboraci&#xF3;n de Rafael Ruiz Gallard&#xF3;n. </subfield>
    <subfield code="p">Obligaciones.</subfield>
  </datafield>
  <datafield tag="260" ind1=" " ind2=" ">
    <subfield code="a">Madrid : </subfield>
    <subfield code="b">Estudios Jur&#xED;dicos `Gala`, </subfield>
    <subfield code="c">1957.</subfield>
  </datafield>
  <datafield tag="300" ind1=" " ind2=" ">
    <subfield code="a">1 v. ; </subfield>
    <subfield code="c">24 cm.</subfield>
  </datafield>
  <datafield tag="500" ind1=" " ind2=" ">
    <subfield code="a">Es el v. I ------ Los cap&#xED;tulos 9, 13 y 14, por Rafael Ruiz Gallard&#xF3;n.</subfield>
  </datafield>
  <datafield tag="710" ind1="2" ind2=" ">
    <subfield code="a">Estudios Jur&#xED;dicos Gala.</subfield>
    <subfield code="9">4034</subfield>
  </datafield>
  <datafield tag="852" ind1=" " ind2=" ">
    <subfield code="a">ES-MaACL</subfield>
    <subfield code="j">C-17425 </subfield>
    <subfield code="b">R.45441</subfield>
  </datafield>
  <datafield tag="999" ind1=" " ind2=" ">
    <subfield code="c">135934</subfield>
    <subfield code="d">135934</subfield>
  </datafield>
  <datafield tag="952" ind1=" " ind2=" ">
    <subfield code="0">0</subfield>
    <subfield code="1">0</subfield>
    <subfield code="4">0</subfield>
    <subfield code="7">0</subfield>
    <subfield code="a">ATENEOM</subfield>
    <subfield code="b">ATENEOM</subfield>
    <subfield code="c">Galer&#xED;a</subfield>
    <subfield code="d">2008-01-17</subfield>
    <subfield code="e">SC</subfield>
    <subfield code="l">0</subfield>
    <subfield code="o">C-17425</subfield>
    <subfield code="p">1141476</subfield>
    <subfield code="r">2023-02-23 00:00:00</subfield>
    <subfield code="w">2023-02-23</subfield>
    <subfield code="y">MONOGRAFIA</subfield>
  </datafield>
</record>
